000
00306nam a22001337a 4500
008
181107b xxu||||| |||| 00| 0 eng d
020
_a
024933019953
041
_a
eng
080
_a
330
100
_a
52
101
_a
MBE
245
_a
Oil and the Future of Energy
_c
Scientific American
942
_2
udc
_c
BK
999
_c
52213
_d
52213